| 000 | 00610nam a22001937a 4500 | ||
|---|---|---|---|
| 003 | OSt | ||
| 005 | 20260414035839.0 | ||
| 008 | 260414b |||||||| |||| 00| 0 eng d | ||
| 020 | _a81-8147-940-8. | ||
| 040 |
_aDWC-Main lib _cOC |
||
| 082 |
_24th edition _aCirc. 616.8 R745 2005 |
||
| 100 | _aRolak, Loren A. | ||
| 245 |
_aNeurology secrets 4th ed. _cLoren A. Rolak |
||
| 260 |
_aIndia : _bElsevier, _cc2005. |
||
| 300 |
_axi, 456 pages : _billustration ; _c21 cm. |
||
| 504 | _aIncludes index. | ||
| 650 | _a1. Nervous system-Diseases-Examinations, questions, etc. | ||
| 942 |
_2ddc _cBK-CIRC _e4th ed. _kCirc. _n0 |
||
| 999 |
_c9391 _d9391 |
||